| 000 | 00531nam a22001577a 4500 | ||
|---|---|---|---|
| 082 | _a005 | ||
| 245 |
_aAutomatic Identification of Robber(s) in CCTV Videos _cMohammad Khalid ; Hadaiq Ahmad ; Syed Ali Ariz |
||
| 260 |
_aIslamabad : _bSEECS - NUST, _c2018. |
||
| 300 |
_a42 p. ; _c30cm. |
||
| 563 | _aHBK. | ||
| 650 | _aComputer Science-Project Report | ||
| 700 |
_aM. Muneeb Ullah _930943 |
||
| 856 | _uhttp://10.250.8.41:8080/xmlui/handle/123456789/28861 | ||
| 942 |
_2ddc _cPR |
||
| 999 |
_c536231 _d536231 |
||